[Event "2.BLO 1516 SK Göggingen - AE Magdeburg"]
[Site "?"]
[Date "2015.09.20"]
[Round "1.3"]
[White "Woellermann, Jan"]
[Black "Stankovic, Milos"]
[Result "0-1"]
[WhiteElo "2312"]
[BlackElo "2429"]
[PlyCount "150"]
[EventDate "2015.??.??"]

1. d4 e6 2. c4 Nf6 3. Nf3 b6 4. g3 Ba6 5. Qa4 Bb7 6. Bg2 c5 7. dxc5 Bxc5 8. Nc3
O-O 9. O-O Be7 10. Rd1 Na6 11. Bf4 Nc5 12. Qc2 Qc8 13. Rac1 Nce4 14. Nxe4 Bxe4
15. Qa4 Qb7 16. Bd6 Bxd6 17. Rxd6 Rfc8 18. Rdd1 Rc7 19. b3 Rac8 20. Qa3 d5 21.
Ne1 dxc4 22. Rxc4 Rxc4 23. bxc4 h6 24. Qa4 Kh7 25. Rd4 Bxg2 26. Nxg2 e5 27. Rd1
Qe4 28. Ne3 Rc7 29. Qa3 Ng4 30. Nxg4 Qxg4 31. Qd3+ g6 32. Rc1 Rc5 33. Rc3 Qc8
34. Ra3 Qc7 35. Kg2 a5 36. Rb3 Qc6+ 37. Qf3 Qxf3+ 38. Kxf3 Rxc4 39. Rxb6 Rc2
40. a3 Rc3+ 41. Ke4 Rxa3 42. Kxe5 Ra2 43. Kf6 Rxe2 44. Kxf7 Rxf2+ 45. Ke6 g5
46. Ra6 Rxh2 47. Kf5 Rf2+ 48. Kg4 Ra2 49. Ra7+ Kg6 50. Ra6+ Kg7 51. Ra7+ Kf8
52. Ra6 Ra4+ 53. Kf5 Ke7 54. g4 Rf4+ 55. Ke5 Rxg4 56. Rxh6 Kd7 57. Ra6 a4 58.
Kf5 Rb4 59. Kxg5 Kc7 60. Kf5 Kb7 61. Ra5 Kb6 62. Ra8 Kc5 63. Ke5 Kc4 64. Kd6
Kb3 65. Rh8 a3 66. Rh3+ Ka4 67. Rh7 Rb2 68. Rh4+ Kb5 69. Rh5+ Kb6 70. Rh8 Rd2+
71. Ke5 a2 72. Ra8 Kc5 73. Ke4 Kc4 74. Ke3 Rh2 75. Ra3 Rh3+ 0-1

[Event "2.BLO 1516 SK Göggingen - AE Magdeburg"]
[Site "?"]
[Date "2015.09.20"]
[Round "1.4"]
[White "Arnaudov, G. Petar"]
[Black "Melamed, Tatjana"]
[Result "1-0"]
[WhiteElo "2480"]
[BlackElo "2296"]
[PlyCount "59"]
[EventDate "2015.??.??"]

1. Nf3 Nf6 2. c4 g6 3. Nc3 Bg7 4. e4 d6 5. d4 O-O 6. h3 e5 7. d5 Nh5 8. g3 f5
9. exf5 gxf5 10. Nh4 Nf6 11. Qc2 e4 12. Be3 Nfd7 13. Ng2 Ne5 14. O-O-O Nbd7 15.
Be2 Nc5 16. Nf4 Bd7 17. g4 fxg4 18. hxg4 Nxg4 19. Bxg4 Bxg4 20. Rdg1 Nd3+ 21.
Nxd3 exd3 22. Qxd3 h5 23. Rxg4 hxg4 24. Qh7+ Kf7 25. Ne4 Rh8 26. Qf5+ Kg8 27.
Rxh8+ Bxh8 28. Qg6+ Bg7 29. Bg5 Qc8 30. Be7 1-0

[Event "2.BLO 1516 SK Göggingen - AE Magdeburg"]
[Site "?"]
[Date "2015.09.20"]
[Round "1.5"]
[White "Paul, Johannes"]
[Black "Pitl, Gregory"]
[Result "0-1"]
[WhiteElo "2263"]
[BlackElo "2394"]
[PlyCount "62"]
[EventDate "2015.??.??"]

1. Nf3 d5 2. g3 Nf6 3. Bg2 c6 4. c4 Bf5 5. cxd5 cxd5 6. Qb3 Nc6 7. Qxb7 Bd7 8.
Qb3 e5 9. O-O Rb8 10. Qd1 e4 11. Ne1 h5 12. d3 h4 13. Nc3 hxg3 14. hxg3 e3 15.
Nxd5 Nxd5 16. Bxd5 Qg5 17. Bg2 Bc5 18. Nf3 exf2+ 19. Rxf2 Qxg3 20. e3 Bd6 21.
Kf1 Rb5 22. Qa4 Nb4 23. Qxa7 Nxd3 24. Qa8+ Rb8 25. Qe4+ Kf8 26. Rd2 Nc5 27. Qd5
Rh6 28. b4 Na4 29. Qg5 Bg4 30. Bb2 Nxb2 31. Rxb2 Rh5 0-1

[Event "2.BLO 1516 SK Göggingen - AE Magdeburg"]
[Site "?"]
[Date "2015.09.20"]
[Round "1.6"]
[White "Rooze, Jan"]
[Black "Schoene, Maria"]
[Result "1/2-1/2"]
[WhiteElo "2301"]
[BlackElo "2278"]
[PlyCount "150"]
[EventDate "2015.??.??"]

1. e4 c5 2. Nf3 d6 3. Bb5+ Bd7 4. Bxd7+ Qxd7 5. c4 Nf6 6. Nc3 g6 7. d4 cxd4 8.
Nxd4 Bg7 9. b3 Nc6 10. Bb2 O-O 11. O-O Nxd4 12. Qxd4 Ng4 13. Qd2 Rac8 14. h3
Nf6 15. Rfe1 a6 16. Rad1 Qc7 17. Re2 Rfe8 18. Rde1 Nd7 19. Kh1 b5 20. Nd5 Qa7
21. Bxg7 Kxg7 22. cxb5 axb5 23. f4 Qc5 24. Re3 Qc2 25. Qd4+ Kg8 26. Qa7 e6 27.
Nb4 Qc5 28. Qxd7 Qxb4 29. Rd1 Red8 30. Qe7 Qc5 31. Red3 Qc6 32. Rd4 Ra8 33.
R1d2 Rd7 34. Qf6 Qc3 35. f5 exf5 36. exf5 Re8 37. Kh2 d5 38. R2d3 Qc7+ 39. Rg3
Re3 40. Qg5 Rde7 41. fxg6 hxg6 42. Rxd5 Rc3 43. Rd4 Re2 44. Qd8+ Kg7 45. Qxc7
Rxc7 46. a3 Ra7 47. Rd5 Rxa3 48. Rxb5 Raa2 49. Rb7 Rab2 50. Rg4 Re3 51. Rf4
Rexb3 52. Rbxf7+ Kg8 53. Rf8+ Kg7 54. R4f7+ Kh6 55. h4 Rb8 56. Rxb8 Rxb8 57.
Kh3 Rb4 58. g3 Ra4 59. Rf4 Ra3 60. Kg4 Ra1 61. Re4 Rg1 62. Re6 Kg7 63. Ra6 Rg2
64. Kf4 Rf2+ 65. Kg5 Rf5+ 66. Kg4 Rf1 67. Ra5 Rg1 68. Rg5 Kh6 69. Kf4 Rf1+ 70.
Ke4 Re1+ 71. Kd4 Re2 72. Rg4 Kh5 73. Rg5+ Kh6 74. Re5 Rxe5 75. Kxe5 g5 1/2-1/2

[Event "2.BLO 1516 SK Göggingen - AE Magdeburg"]
[Site "?"]
[Date "2015.09.20"]
[Round "1.7"]
[White "Hansch, Karsten"]
[Black "Kukov, Velislav"]
[Result "1/2-1/2"]
[WhiteElo "2251"]
[BlackElo "2363"]
[PlyCount "52"]
[EventDate "2015.??.??"]

1. c4 c6 2. g3 d5 3. Bg2 Nf6 4. Nf3 Bf5 5. cxd5 cxd5 6. Qb3 Qb6 7. Qxb6 axb6 8.
d3 Nc6 9. Be3 Ra6 10. Nd4 Bd7 11. Nc2 e6 12. O-O Bc5 13. Bd2 Nd4 14. Nxd4 Bxd4
15. Bc3 Bc5 16. a3 d4 17. b4 dxc3 18. bxc5 c2 19. Nd2 bxc5 20. Bxb7 Ra7 21. Nc4
Ke7 22. Bf3 Nd5 23. Bxd5 exd5 24. Ne3 Kd6 25. Nxc2 Rha8 26. Rfb1 d4 1/2-1/2

[Event "2.BLO 1516 SK Göggingen - AE Magdeburg"]
[Site "?"]
[Date "2015.09.20"]
[Round "1.8"]
[White "Hausner, Ivan"]
[Black "Hansch, Stephan"]
[Result "1-0"]
[WhiteElo "2335"]
[BlackElo "2156"]
[PlyCount "81"]
[EventDate "2015.??.??"]

1. d4 d5 2. Nf3 Nf6 3. c4 e6 4. g3 Be7 5. Bg2 O-O 6. O-O dxc4 7. Ne5 Nc6 8.
Nxc6 bxc6 9. Na3 Rb8 10. Nxc4 c5 11. Na5 Bd7 12. Nb7 Qe8 13. Nxc5 Bxc5 14. dxc5
Bc6 15. f3 Qd8 16. Qxd8 Rfxd8 17. b3 Nd5 18. Bd2 Bb5 19. Kf2 Rd7 20. Rfd1 Rbd8
21. Ba5 f5 22. Rac1 f4 23. c6 Rd6 24. gxf4 Bxe2 25. Bxc7 Bxd1 26. Bxd8 Rxd8 27.
Rxd1 Rc8 28. f5 Rxc6 29. fxe6 Rc2+ 30. Ke1 Rxg2 31. Rxd5 Kf8 32. Ra5 Ke7 33.
Rxa7+ Kxe6 34. a4 h5 35. h4 Rb2 36. Rb7 g5 37. hxg5 Kf5 38. Rb4 Kxg5 39. a5 h4
40. Kf1 h3 41. Kg1 1-0

[Event "2.BLO 1516 MSA Zugzwang - Bad Mergenthe"]
[Site "?"]
[Date "2015.09.20"]
[Round "2.1"]
[White "Ikonnikov, Vyacheslav"]
[Black "Bromberger, Stefan"]
[Result "1/2-1/2"]
[WhiteElo "2518"]
[BlackElo "2538"]
[PlyCount "99"]
[EventDate "2015.??.??"]

1. d4 d5 2. Nf3 Nf6 3. c4 dxc4 4. e3 Bg4 5. Bxc4 e6 6. Nc3 Nc6 7. h3 Bh5 8. Be2
Bd6 9. a3 O-O 10. O-O Qe7 11. b4 a6 12. Bb2 Rad8 13. b5 axb5 14. Nxb5 e5 15.
Nxd6 cxd6 16. Nxe5 dxe5 17. Bxh5 exd4 18. exd4 Nxd4 19. Bf3 Nxf3+ 20. Qxf3 Qe4
21. Qxe4 Nxe4 22. Rfe1 Nc5 23. Bc3 Rd7 24. Bb4 Nd3 25. Bxf8 Nxe1 26. Bxg7 Nf3+
27. gxf3 Kxg7 28. Re1 Rd3 29. Re3 Rd1+ 30. Kg2 Rb1 31. f4 b5 32. Kg3 b4 33.
axb4 Rxb4 34. Rc3 Rb6 35. Rc5 h6 36. Kh4 Rb2 37. Kg3 Rb3+ 38. Kg4 Rb2 39. Kg3
Rb3+ 40. f3 Rb6 41. f5 Kf6 42. Kg4 Rb4+ 43. f4 h5+ 44. Kxh5 Rxf4 45. h4 Rxf5+
46. Rxf5+ Kxf5 47. Kh6 Kg4 48. h5 Kh4 49. Kg7 Kxh5 50. Kxf7 1/2-1/2

[Event "2.BLO 1516 MSA Zugzwang - Bad Mergenthe"]
[Site "?"]
[Date "2015.09.20"]
[Round "2.2"]
[White "Kindermann, Stefan"]
[Black "Karpatchev, Aleksandr"]
[Result "1/2-1/2"]
[WhiteElo "2510"]
[BlackElo "2469"]
[PlyCount "25"]
[EventDate "2015.??.??"]

1. e4 e5 2. Nf3 Nc6 3. Bc4 Bc5 4. c3 Nf6 5. d3 a6 6. Bb3 d6 7. O-O Ba7 8. Re1
h6 9. Nbd2 Nh5 10. Nf1 Qf6 11. h3 Qg6 12. Nh4 Qf6 13. Nf3 1/2-1/2

[Event "2.BLO 1516 MSA Zugzwang - Bad Mergenthe"]
[Site "?"]
[Date "2015.09.20"]
[Round "2.3"]
[White "Ivanov, Mikail"]
[Black "Hertneck, Gerald"]
[Result "1/2-1/2"]
[WhiteElo "2396"]
[BlackElo "2456"]
[PlyCount "33"]
[EventDate "2015.??.??"]

1. d4 Nf6 2. c4 c5 3. d5 b5 4. Qc2 Qa5+ 5. Bd2 b4 6. e4 d6 7. f4 g6 8. Bd3 Bg7
9. Nf3 O-O 10. O-O Nbd7 11. h3 Qc7 12. Be3 e6 13. Nbd2 exd5 14. exd5 Re8 15.
Rae1 Bb7 16. f5 Re7 17. g4 1/2-1/2

[Event "2.BLO 1516 MSA Zugzwang - Bad Mergenthe"]
[Site "?"]
[Date "2015.09.20"]
[Round "2.4"]
[White "Zysk, Robert"]
[Black "Panzalovic, Srdjan"]
[Result "1-0"]
[WhiteElo "2396"]
[BlackElo "2445"]
[PlyCount "75"]
[EventDate "2015.??.??"]

1. Nf3 Nf6 2. d4 g6 3. c4 Bg7 4. g3 O-O 5. Bg2 d6 6. O-O Nbd7 7. Nc3 e5 8. dxe5
dxe5 9. h3 c6 10. Be3 Re8 11. Ng5 Qc7 12. Nge4 Re6 13. c5 Ne8 14. Qd3 h6 15.
Rfd1 Bf8 16. Rac1 Kh7 17. g4 b6 18. b4 bxc5 19. b5 Rb8 20. a4 cxb5 21. axb5 c4
22. Qc2 Nb6 23. Bxb6 axb6 24. Nd5 Qb7 25. Ndf6+ Nxf6 26. Nxf6+ Rxf6 27. Bxb7
Bxb7 28. Rd7 Bc5 29. e3 Bf3 30. Qxc4 Kg7 31. Ra1 Rb7 32. Rxb7 Bxb7 33. Ra7 Bf3
34. Qc3 Re6 35. e4 Be2 36. Kg2 Bd4 37. Qc2 Bxb5 38. Qb3 1-0

[Event "2.BLO 1516 MSA Zugzwang - Bad Mergenthe"]
[Site "?"]
[Date "2015.09.20"]
[Round "2.5"]
[White "Gasthofer, Alexander"]
[Black "Lammers, Markus"]
[Result "1-0"]
[WhiteElo "2440"]
[BlackElo "2343"]
[PlyCount "51"]
[EventDate "2015.??.??"]

1. c4 Nf6 2. Nf3 c5 3. g3 d5 4. cxd5 Nxd5 5. Bg2 Nc6 6. O-O e5 7. Nc3 Nc7 8. a3
f6 9. e3 Be7 10. d4 cxd4 11. exd4 exd4 12. Ne2 Ne6 13. b4 O-O 14. Bb2 d3 15.
Nc1 d2 16. Nb3 Qd3 17. Nbxd2 a5 18. Re1 axb4 19. Bf1 Qd6 20. axb4 Rxa1 21. Qxa1
Nxb4 22. Ba3 Qb6 23. Qb2 Qa5 24. Qb3 Rf7 25. Bc4 Nd3 26. Qxd3 1-0

[Event "2.BLO 1516 MSA Zugzwang - Bad Mergenthe"]
[Site "?"]
[Date "2015.09.20"]
[Round "2.6"]
[White "Eichler, Christoph"]
[Black "Gasthofer, Viktor"]
[Result "1/2-1/2"]
[WhiteElo "2343"]
[BlackElo "2303"]
[PlyCount "22"]
[EventDate "2015.??.??"]

1. d4 d5 2. c4 e6 3. Nc3 Nf6 4. cxd5 exd5 5. Bg5 c6 6. e3 Bf5 7. Qf3 Bg6 8.
Bxf6 Qxf6 9. Qxf6 gxf6 10. h4 h5 11. Nh3 Bd6 {(=)} 1/2-1/2

[Event "2.BLO 1516 MSA Zugzwang - Bad Mergenthe"]
[Site "?"]
[Date "2015.09.20"]
[Round "2.7"]
[White "Raps, Johannes"]
[Black "Hoffmeyer, Falk"]
[Result "1/2-1/2"]
[WhiteElo "2138"]
[BlackElo "2309"]
[PlyCount "53"]
[EventDate "2015.??.??"]

1. d4 Nf6 2. Nf3 c5 3. c3 b6 4. g3 Bb7 5. Bg2 g6 6. O-O cxd4 7. cxd4 Bg7 8. Nc3
O-O 9. Bf4 d6 10. Rc1 Nbd7 11. Re1 Ne4 12. Nxe4 Bxe4 13. Qa4 Nf6 14. Ng5 Bxg2
15. Kxg2 Qe8 16. Qb3 Qd7 17. Rc2 Qb7+ 18. Qf3 Qd5 19. Qxd5 Nxd5 20. Nf3 Rfc8
21. Rec1 Rxc2 22. Rxc2 Kf8 23. Bd2 Ke8 24. e3 h6 25. Ne1 Kd7 26. Kf3 Rc8 27. e4
1/2-1/2

[Event "2.BLO 1516 MSA Zugzwang - Bad Mergenthe"]
[Site "?"]
[Date "2015.09.20"]
[Round "2.8"]
[White "Dengler, Dijana"]
[Black "Hauke, Christian"]
[Result "1/2-1/2"]
[WhiteElo "2085"]
[BlackElo "2192"]
[PlyCount "66"]
[EventDate "2015.??.??"]

1. d4 e6 2. Nf3 Nf6 3. Bg5 h6 4. Bh4 c5 5. e3 Nc6 6. c3 Qb6 7. Qc2 d5 8. Nbd2
Bd7 9. Be2 Rc8 10. Qb3 g5 11. Bg3 Nh5 12. dxc5 Bxc5 13. Ne5 Nxg3 14. Nxd7 Kxd7
15. Qxb6 Bxb6 16. hxg3 Ke7 17. Nb3 Kf6 18. a4 a5 19. O-O-O Kg7 20. Rh3 Ne5 21.
Nd2 Nd7 22. g4 Nc5 23. Bb5 Bd8 24. Kb1 Bf6 25. Ka2 Rc7 26. f3 Be5 27. g3 Bf6
28. f4 b6 29. Nb3 Ne4 30. Rf1 Rd8 31. Bd3 Nc5 32. Bb5 Nb7 33. Ra1 Rh8 1/2-1/2

[Event "2.BLO 1516 SC Garching - SF Neuberg"]
[Site "?"]
[Date "2015.09.20"]
[Round "2.1"]
[White "Lubbe, Nikolas"]
[Black "Stocek, Jiri"]
[Result "0-1"]
[WhiteElo "2506"]
[BlackElo "2562"]
[PlyCount "62"]
[EventDate "2015.??.??"]

1. d4 e6 2. e4 d5 3. Nc3 Bb4 4. a3 Bxc3+ 5. bxc3 dxe4 6. Qg4 Nf6 7. Qxg7 Rg8 8.
Qh6 c5 9. Ne2 cxd4 10. cxd4 Nc6 11. Bb2 Bd7 12. c4 Na5 13. Nc3 Nb3 14. Rd1 Rg6
15. Qe3 Qa5 16. Be2 Rxg2 17. Kf1 Ng4 18. Qxe4 Rxf2+ 19. Ke1 Qh5 20. Rg1 f5 21.
Qxb7 Qxh2 22. Rxg4 fxg4 23. Qxb3 Rb8 24. Qc2 g3 25. Bc1 g2 26. Kd2 Rf1 27. Kd3
Rxd1+ 28. Qxd1 g1=Q 29. Bh5+ Kd8 30. Qf3 Qgg3 31. Bg5+ Kc8 0-1

[Event "2.BLO 1516 SC Garching - SF Neuberg"]
[Site "?"]
[Date "2015.09.20"]
[Round "2.2"]
[White "Loetscher, Roland"]
[Black "Ohme, Melanie"]
[Result "1-0"]
[WhiteElo "2420"]
[BlackElo "2308"]
[PlyCount "77"]
[EventDate "2015.??.??"]

1. d4 Nf6 2. c4 g6 3. g3 Bg7 4. Bg2 O-O 5. Nc3 d6 6. Nf3 c6 7. O-O Bf5 8. Re1
Ne4 9. Qb3 Nxc3 10. bxc3 Bc8 11. e4 Nd7 12. a4 e5 13. Ba3 c5 14. dxe5 dxe5 15.
Nd2 Qa5 16. Red1 Nb6 17. Qb5 Qxb5 18. axb5 Na4 19. Nb3 Nxc3 20. Rd3 Ne2+ 21.
Kf1 Nd4 22. Bxc5 Nxb3 23. Rxb3 Be6 24. Ke1 Rfc8 25. Rxa7 Rxa7 26. Bxa7 Rxc4 27.
Be3 Bf8 28. Rb2 Kg7 29. f3 Ba3 30. Rb1 Rc2 31. Bd2 Bc4 32. Bh3 Ra2 33. Bc8 Bd3
34. Rb3 Ra1+ 35. Kf2 Bc5+ 36. Be3 Ra2+ 37. Ke1 Re2+ 38. Kd1 Rxe3 39. Kd2 1-0

[Event "2.BLO 1516 SC Garching - SF Neuberg"]
[Site "?"]
[Date "2015.09.20"]
[Round "2.3"]
[White "Wahedi, Ahmad Siar"]
[Black "Koepke, Christian"]
[Result "1-0"]
[WhiteElo "2280"]
[BlackElo "2317"]
[PlyCount "107"]
[EventDate "2015.??.??"]

1. e4 Nf6 2. e5 Nd5 3. d4 d6 4. c4 Nb6 5. Nf3 Bg4 6. exd6 cxd6 7. h3 Bxf3 8.
Qxf3 Nc6 9. d5 Ne5 10. Qe4 Rc8 11. Nd2 g6 12. f4 Ned7 13. Be2 Bg7 14. h4 O-O
15. h5 Nf6 16. Qd3 Qd7 17. a4 e5 18. a5 Na4 19. fxe5 dxe5 20. Qc2 Nc5 21. b4
Na6 22. b5 Nc5 23. hxg6 fxg6 24. O-O e4 25. Bb2 e3 26. Nb3 Nfe4 27. Nxc5 Nxc5
28. Bxg7 Qxg7 29. Rad1 Qe5 30. Rf3 Rce8 31. d6 Rxf3 32. Bxf3 e2 33. Qxe2 Qxe2
34. Bxe2 b6 35. axb6 axb6 36. Bg4 Rd8 37. d7 Kf8 38. Rd6 Na4 39. Bd1 Ke7 40.
Rc6 Nc5 41. Rxb6 Rxd7 42. Bf3 Rd6 43. Rxd6 Kxd6 44. Kf2 Nd7 45. Ke3 Kc5 46. Bd5
Nf6 47. Kf4 h6 48. Ke5 Ng4+ 49. Ke6 g5 50. Kf5 Ne3+ 51. Kf6 Ng4+ 52. Kg6 Nf2
53. Kxh6 g4 54. g3 1-0

[Event "2.BLO 1516 SC Garching - SF Neuberg"]
[Site "?"]
[Date "2015.09.20"]
[Round "2.4"]
[White "Bredl, Harald"]
[Black "Kuenstler, Christian"]
[Result "1/2-1/2"]
[WhiteElo "2351"]
[BlackElo "2225"]
[PlyCount "33"]
[EventDate "2015.??.??"]

1. d4 Nf6 2. c4 c5 3. d5 g6 4. Nc3 Bg7 5. e4 d6 6. Bd3 O-O 7. h3 e6 8. Bg5 exd5
9. cxd5 Re8 10. Nge2 Nbd7 11. O-O a6 12. a4 Ne5 13. Bc2 h6 14. Be3 Nc4 15. Bc1
Bd7 16. b3 Na5 17. Bf4 {(=)} 1/2-1/2

[Event "2.BLO 1516 SC Garching - SF Neuberg"]
[Site "?"]
[Date "2015.09.20"]
[Round "2.5"]
[White "Overbeck, Thorsten"]
[Black "Levushkina, Elena"]
[Result "1/2-1/2"]
[WhiteElo "2319"]
[BlackElo "2320"]
[PlyCount "103"]
[EventDate "2015.??.??"]

1. Nf3 Nf6 2. g3 d5 3. Bg2 Bg4 4. O-O c6 5. d4 e6 6. Nbd2 Be7 7. Re1 O-O 8. e4
Nbd7 9. c3 Bh5 10. Qb3 Qb6 11. exd5 cxd5 12. Ne5 Rfd8 13. Nxd7 Rxd7 14. Nf3
Rdd8 15. Ne5 Nd7 16. Nd3 Bd6 17. Nf4 Bg4 18. h3 Bf5 19. g4 Qxb3 20. axb3 Bc2
21. b4 Nb6 22. Bf1 Nc4 23. Ng2 Bc7 24. Bg5 Rdc8 25. Ne3 Bb3 26. Nxc4 Bxc4 27.
Ra3 Bxf1 28. Kxf1 h6 29. Be3 a6 30. Rea1 Bd6 31. Rb3 Rc6 32. Ke2 Rac8 33. Kd3
f6 34. Rba3 Kf7 35. Ra5 Bc7 36. Rc5 Bd6 37. b5 axb5 38. Rxb5 b6 39. Ra7+ R8c7
40. Ra8 Rb7 41. h4 Ke7 42. h5 Rd7 43. Rh8 Kf7 44. Ra8 Bc7 45. f4 g6 46. hxg6+
Kxg6 47. f5+ exf5 48. gxf5+ Kxf5 49. Bxh6 Kg4 50. Rg8+ Kf3 51. Rf8 Kg4 52. Rg8+
{(=)} 1/2-1/2

[Event "2.BLO 1516 SC Garching - SF Neuberg"]
[Site "?"]
[Date "2015.09.20"]
[Round "2.6"]
[White "Seifert, Volker"]
[Black "Seifert, Christopher"]
[Result "1-0"]
[WhiteElo "2347"]
[BlackElo "2299"]
[PlyCount "87"]
[EventDate "2015.??.??"]

1. d4 Nf6 2. c4 c5 3. d5 e6 4. Nc3 exd5 5. cxd5 d6 6. e4 g6 7. Bd3 Bg7 8. h3
O-O 9. Nf3 Nh5 10. O-O Nd7 11. Bg5 Bf6 12. Be3 a6 13. a4 Re8 14. Qd2 Qc7 15.
Rab1 Rb8 16. Rfc1 Qa5 17. g4 Ng7 18. Bf4 Ne5 19. Nxe5 Bxe5 20. Bxe5 dxe5 21.
Qe3 Bd7 22. b3 Rbc8 23. Nd1 Qd8 24. Rxc5 Rxc5 25. Qxc5 Qh4 26. Qe3 h5 27. Qg3
Qg5 28. Ne3 hxg4 29. hxg4 Rc8 30. Nc4 Bxg4 31. Nxe5 f5 32. f4 Qd8 33. Nxg4 Nh5
34. Qf3 fxg4 35. Qxg4 Qb6+ 36. Kg2 Rc3 37. Rd1 Qd6 38. Kf3 Kf8 39. Qg5 Rxb3 40.
Qe5 Qd7 41. f5 Ng7 42. Qf6+ Kg8 43. Qxg6 Kf8 44. Qh6 1-0

[Event "2.BLO 1516 SC Garching - SF Neuberg"]
[Site "?"]
[Date "2015.09.20"]
[Round "2.7"]
[White "Lutz, Klaus-Juergen"]
[Black "Ruecker, Benjamin"]
[Result "1/2-1/2"]
[WhiteElo "2286"]
[BlackElo "2284"]
[PlyCount "61"]
[EventDate "2015.??.??"]

1. d4 d5 2. Nc3 Nf6 3. Bg5 c5 4. Bxf6 gxf6 5. e3 e6 6. Nge2 Nc6 7. g3 f5 8. Bg2
Bg7 9. O-O cxd4 10. exd4 O-O 11. Na4 b6 12. c4 Ba6 13. cxd5 Bxe2 14. Qxe2 Nxd4
15. Qh5 Rc8 16. Nc3 Qf6 17. Rad1 Rfd8 18. Rd3 Nc6 19. Rfd1 Ne5 20. dxe6 fxe6
21. Rxd8+ Rxd8 22. Qe2 Kf7 23. Nb5 Rxd1+ 24. Qxd1 Qe7 25. b3 Qc5 26. a4 a6 27.
Nd6+ Kg6 28. Nb7 Qc7 29. Nd8 Qe7 30. h3 Bf6 31. Nc6 {(=)} 1/2-1/2

[Event "2.BLO 1516 SC Garching - SF Neuberg"]
[Site "?"]
[Date "2015.09.20"]
[Round "2.8"]
[White "Dehlinger, Alexander"]
[Black "Schaffer, Hendrik"]
[Result "1/2-1/2"]
[WhiteElo "2271"]
[BlackElo "2252"]
[PlyCount "53"]
[EventDate "2015.??.??"]

1. Nf3 Nf6 2. c4 g6 3. g3 Bg7 4. Bg2 O-O 5. O-O d5 6. cxd5 Nxd5 7. d4 Nb6 8.
Nc3 Nc6 9. e3 h6 10. Qe2 e5 11. dxe5 Nxe5 12. Nxe5 Bxe5 13. e4 Kh7 14. Be3 Be6
15. Rfd1 Qc8 16. Rac1 Rd8 17. f4 Rxd1+ 18. Qxd1 Bg7 19. b3 c6 20. e5 Qd7 21.
Qxd7 Nxd7 22. Ne4 a5 23. Nd6 Rb8 24. Ba7 Ra8 25. Be3 Rb8 26. Bf1 f6 27. Bc4 {
(=)} 1/2-1/2

[Event "2.BLO 1516 Bindl Aktionär - Nickelhütte"]
[Site "?"]
[Date "2015.09.20"]
[Round "2.1"]
[White "Papp, Gabor"]
[Black "Bindrich, Falko"]
[Result "1-0"]
[WhiteElo "2601"]
[BlackElo "2599"]
[PlyCount "69"]
[EventDate "2015.??.??"]

1. e4 e5 2. Nf3 Nc6 3. Bb5 Nf6 4. O-O Nxe4 5. d4 Nd6 6. Bxc6 dxc6 7. dxe5 Nf5
8. Qxd8+ Kxd8 9. h3 Bd7 10. Rd1 Kc8 11. g4 Ne7 12. Ng5 Be8 13. f4 h5 14. Kg2
Ng6 15. Nc3 hxg4 16. hxg4 f5 17. exf6 gxf6 18. Ne6 Bd7 19. Nxf8 Rxf8 20. Kg3 f5
21. g5 b6 22. Be3 Be6 23. Rh1 Kb7 24. Rh7 Rae8 25. Kf2 Bg8 26. Rg7 Re6 27. Rh1
Rfe8 28. Rh3 Ne7 29. Rh6 c5 30. a3 Kc6 31. Ne2 Kb5 32. b3 Ka6 33. c4 Kb7 34.
Ng3 Kc8 35. Nh5 1-0

[Event "2.BLO 1516 Bindl Aktionär - Nickelhütte"]
[Site "?"]
[Date "2015.09.20"]
[Round "2.2"]
[White "Petr, Martin"]
[Black "Prohaszka, Peter"]
[Result "1/2-1/2"]
[WhiteElo "2507"]
[BlackElo "2607"]
[PlyCount "58"]
[EventDate "2015.??.??"]

1. Nf3 d5 2. g3 c6 3. Bg2 Bg4 4. O-O Nf6 5. d3 Nbd7 6. h3 Bh5 7. Qe1 e5 8. e4
dxe4 9. dxe4 Bc5 10. a4 O-O 11. Na3 a5 12. Nc4 Qc7 13. Bd2 b6 14. Nh4 Ne8 15.
g4 Bg6 16. Rd1 Nd6 17. Nxd6 Bxd6 18. Nf5 Bc5 19. Qe2 Rfe8 20. h4 Bxf5 21. gxf5
Nf6 22. Bg5 Qe7 23. h5 h6 24. Bh4 Rad8 25. c3 Qc7 26. Rxd8 Rxd8 27. Bxf6 gxf6
28. Rd1 Kh7 29. Rd3 Rxd3 1/2-1/2

[Event "2.BLO 1516 Bindl Aktionär - Nickelhütte"]
[Site "?"]
[Date "2015.09.20"]
[Round "2.3"]
[White "Meijers, Viesturs"]
[Black "Neuman, Petr"]
[Result "1-0"]
[WhiteElo "2463"]
[BlackElo "2433"]
[PlyCount "95"]
[EventDate "2015.??.??"]

1. d4 d5 2. Nf3 c6 3. g3 Nf6 4. Bg2 g6 5. O-O Bg7 6. b3 O-O 7. Bb2 a5 8. c4 Ne4
9. Nc3 Nxc3 10. Bxc3 Nd7 11. Rc1 Nf6 12. Ne5 Bf5 13. cxd5 cxd5 14. Bb2 Qd6 15.
e3 Rfc8 16. Qe2 Rxc1 17. Rxc1 Rc8 18. Rxc8+ Bxc8 19. Qb5 b6 20. Qc6 Qxc6 21.
Nxc6 Bb7 22. Nxe7+ Kf8 23. Ba3 Ke8 24. Bf1 Ne4 25. Bb5+ Kd8 26. Nc6+ Kc7 27.
Ne5 f6 28. Nd3 Nc3 29. Be8 Nxa2 30. Nf4 Bh6 31. Ne6+ Kb8 32. h4 Bc8 33. Bd6+
Kb7 34. Nd8+ Ka6 35. Bf7 Nc3 36. Bg8 g5 37. Bxh7 gxh4 38. gxh4 b5 39. Nf7 Bg7
40. h5 Bg4 41. h6 Bxh6 42. Nxh6 Bd1 43. Ng8 Bxb3 44. Nxf6 Bc4 45. f4 b4 46. f5
Kb5 47. Ne8 a4 48. Nc7+ 1-0

[Event "2.BLO 1516 Bindl Aktionär - Nickelhütte"]
[Site "?"]
[Date "2015.09.20"]
[Round "2.4"]
[White "Cech, Pavel"]
[Black "Slobodjan, Roman"]
[Result "1/2-1/2"]
[WhiteElo "2387"]
[BlackElo "2476"]
[PlyCount "68"]
[EventDate "2015.??.??"]

1. d4 Nf6 2. c4 e6 3. Nc3 Bb4 4. Nf3 c5 5. g3 Ne4 6. Qd3 d5 7. Bg2 cxd4 8. Nxd4
Nc5 9. Qe3 dxc4 10. Nc2 Nca6 11. Nxb4 Nxb4 12. O-O Nc2 13. Qe5 O-O 14. Rb1 Nc6
15. Qe4 N2d4 16. e3 f5 17. Qh4 Qxh4 18. gxh4 Nc2 19. a3 Ne5 20. Rd1 Nd3 21. b3
Nce1 22. bxc4 Nxg2 23. Kxg2 Nxc1 24. Rbxc1 f4 25. exf4 Rxf4 26. Rd8+ Rf8 27.
Rcd1 b6 28. Rxf8+ Kxf8 29. Kg3 Ke7 30. Rd4 Bd7 31. Rg4 Kf8 32. Rf4+ Ke7 33. Rg4
Kf8 34. Rf4+ Ke7 1/2-1/2

[Event "2.BLO 1516 Bindl Aktionär - Nickelhütte"]
[Site "?"]
[Date "2015.09.20"]
[Round "2.5"]
[White "Eichner, Sebastian"]
[Black "Krensing, Jan"]
[Result "1-0"]
[WhiteElo "2373"]
[BlackElo "2337"]
[PlyCount "115"]
[EventDate "2015.??.??"]

1. Nf3 c5 2. c4 g6 3. e4 Bg7 4. d4 cxd4 5. Nxd4 Nc6 6. Be3 Nh6 7. Nc3 d6 8. Be2
f5 9. Bxh6 Bxh6 10. exf5 gxf5 11. Bh5+ Kf8 12. O-O Bg7 13. Nf3 Ne5 14. Re1 Bd7
15. Kh1 Rc8 16. Rc1 Nxf3 17. Qxf3 Be5 18. Rcd1 e6 19. Qxb7 Rc7 20. Qb4 Kg7 21.
Rxd6 Bxd6 22. Qxd6 Rc6 23. Qd4+ Kh6 24. Bf3 Rc7 25. Qf4+ Kg7 26. Qe5+ Kg6 27.
Ne2 Re8 28. Nf4+ Kh6 29. b3 Bc8 30. g3 a6 31. h4 Qe7 32. Nh5 Rc5 33. Qe3+ Kg6
34. Nf4+ Kg7 35. Nd5 exd5 36. Qxe7+ Rxe7 37. Rxe7+ Kf6 38. Rxh7 dxc4 39. bxc4
Rxc4 40. Rh6+ Ke5 41. Rc6 Rxc6 42. Bxc6 Be6 43. a3 Bf7 44. Kg2 Bh5 45. f3 a5
46. Kf2 Bf7 47. Ke2 Bh5 48. Kd3 Bf7 49. Bb7 Be6 50. f4+ Kd6 51. Kd4 Bd7 52. Bd5
Be8 53. Kc4 Bh5 54. Bg8 Be2+ 55. Kd4 Bh5 56. Bh7 Bg4 57. Bg6 Ke6 58. Kc5 1-0

[Event "2.BLO 1516 Bindl Aktionär - Nickelhütte"]
[Site "?"]
[Date "2015.09.20"]
[Round "2.6"]
[White "Wall, Gavin"]
[Black "Spiess, Gunter"]
[Result "1-0"]
[WhiteElo "2319"]
[BlackElo "2419"]
[PlyCount "73"]
[EventDate "2015.??.??"]

1. e4 e6 2. d4 d5 3. e5 c5 4. c3 Nc6 5. Nf3 Bd7 6. dxc5 Bxc5 7. b4 Bb6 8. Bd3
Nge7 9. Qe2 a6 10. Nbd2 Ng6 11. Nb3 O-O 12. O-O f6 13. Bxg6 hxg6 14. a4 Nxe5
15. Nxe5 fxe5 16. Qxe5 Rf5 17. Qg3 Rc8 18. Nd4 Bxd4 19. cxd4 Rc4 20. Be3 Rxb4
21. Rfb1 Rxb1+ 22. Rxb1 Bc6 23. Qxg6 Qd7 24. a5 Rf6 25. Qg3 Qf7 26. Re1 Qd7 27.
h4 Rf7 28. Bf4 Qe7 29. Bd6 Qf6 30. Re5 Qf4 31. Rxe6 Qxg3 32. Bxg3 Rf8 33. Rg6
Kf7 34. h5 Rh8 35. Be5 Rxh5 36. Rxg7+ Ke6 37. f4 1-0